Countries by stereotypes - Statistics

General Stats
  • This quiz has been taken 72 times
  • The average score is 13 of 19
Answer Stats
Stereotypes Country % Correct
That men only wear lederhosen Germany
97%
Neutral Switzerland
92%
Only know for Mount Everest Nepal
91%
They only ride camels, and live next to The Pyramids Egypt
89%
That everyone knows how to bullfight Spain
89%
Rhodes and Crete Greece
88%
Only has The Pope living there Vatican
88%
Cocaine and Pablo Escobar Colombia
83%
Dracula and Transylvania Romania
80%
Reggae Jamaica
78%
Saunas and reindeer Finland
75%
Only eats meatballs Sweden
73%
Only known for babushkas Ukraine
72%
Russia's pet Belarus
70%
That everything is grey and boring Poland
47%
Beer country Czech Republic
45%
Rico, Skipper, Kowalski and Private Madagascar
45%
All food is spicy Thailand
31%
They live in trees, with no electricity Indonesia
16%
No matching quizzes found
Score Distribution
Percent of People with Each Score
Percentile by Number Answered
Your Score History
You have not taken this quiz